| 000 | 00517nam a2200169Ia 4500 | ||
|---|---|---|---|
| 008 | 090201s9999 xx 000 0 und d | ||
| 010 | _aKPL-14101 | ||
| 040 | _bमराठी | ||
| 041 | _aमराठी | ||
| 082 |
_a4905 _b14101 |
||
| 100 | _aइंदुमती केळकर | ||
| 245 |
_aप्रतिशोध _cइंदुमती केळकर |
||
| 260 |
_c1973 _bललीत प्रकाशन |
||
| 300 |
_a156 _bमोठा |
||
| 600 | _aप्रतिशोध | ||
| 942 | _cBOOK | ||
| 999 |
_c205905 _d205905 |
||